000 00266nam a2200121Ia 4500
008 211105s9999 xx 000 0 und d
020 _aVYASA16516
100 _aKaivalyadhama
245 0 _aYoga Mimamsa
250 _a\N
260 _bKaivalyadhama
_c\N
300 _a90p.
999 _c6358
_d6358